01250nam a2200325Ia 4500001001200000003000800012006001900020007001500039008004100054010001700095020002700112020003000139020002600169040002100195035002100216050002500237082001700262245009700279260004900376300001900425504006600444533015200510650003400662650001500696655002900711700002400740710001700764856012600781999001700907ebr10660257CaPaEBRm u cr cn|||||||||071129s2008 nyua sb 001 0 eng d z 2007049240 z1604562064 (hardcover) z9781604562064 (hardcover) z9781608762514 (ebook) aCaPaEBRcCaPaEBR a(OCoLC)43366504614aQD181.F1bL54 2008eb04a546/.73122300aLifetimes of fluorinated compoundsh[electronic resource] /cKazuaki Tokuhashi ... [et al.]. aNew York :bNova Science Publishers,cc2008. a137 p. :bill. aIncludes bibliographical references (p. [125]-131) and index. aElectronic reproduction.bPalo Alto, Calif. :cebrary,d2013.nAvailable via World Wide Web.nAccess may be limited to ebrary affiliated libraries. 0aFluorine compoundsxResearch. 0aFluorides. 7aElectronic books.2local1 aTokuhashi, Kazuaki.2 aebrary, Inc.40uhttp://site.ebrary.com/lib/rucke/Doc?id=10660257zAn electronic book accessible through the World Wide Web; click to view c67594d67594